R & D, patents, and productivity

Gespeichert in:
Bibliographische Detailangaben
1. Verfasser: Griliches, Zvi
Format: Buch
Sprache:Undetermined
Veröffentlicht: Chicago The University of Chicago Press 1984
Schlagworte:
Tags: Tag hinzufügen
Keine Tags, Fügen Sie den ersten Tag hinzu!
Thư viện lưu trữ: Trung tâm Học liệu Trường Đại học Cần Thơ
LEADER 00517nam a2200193Ia 4500
001 CTU_85289
008 210402s9999 xx 000 0 und d
082 |a 338 
082 |b G858 
100 |a Griliches, Zvi 
245 0 |a R & D, patents, and productivity 
245 0 |c Zvi Griliches 
260 |a Chicago 
260 |b The University of Chicago Press 
260 |c 1984 
650 |a Research, industrial 
650 |z United states 
904 |i Năm 
980 |a Trung tâm Học liệu Trường Đại học Cần Thơ